000 00682nam a2200181 a 4500
008 060316s1971 ||||||||||||||||| || u
020 _a0070272786
050 _aTA 151 Han
100 _aHavers, John A. (John Alan), 1925-
245 1 0 _aHandbook of heavy construction. (2d ed.)
_cedited by John A. Havers
250 _a2d ed.
260 _aNew York,
_bMcGraw-Hill
_c1971
300 _a1 v. (various pagings) illus.
350 _a0.00
650 _aENGINEERING--HANDBOOKS,MANUALS, E.T.C
700 _aStubbs, Frank W. (Frank Whitworth), 1898-1967
995 _D0.00
_FCBU-MAIN LIBRARY (Kitwe)
_H1
_I39.00
_UREFERENCE
_ZReference Collection
999 _c45277
_d45277